1387 1019 1616 1178 1001 1153 1360 1900 1383 1900 1866 1557 1586 1326 1772 1201 1606 1114 1367 1093 1597 1460 1187 1830 1564 1013 1654 1901 1785 1554 1156 1715 1976 1986 1121 1713 1325 1675 1533 1084 1234 1527 1668 1126 1654 1009 1435 1573 1553 1755 1637 1392 1640 1476 1572 1269 1657 1694 1223 1778 1501 1688 1512 1348 1819 1740 1570 1419 1199 1383 1454 1577 1448 1436 1091 1549 1001 1529 1497 1578 1979 1773 1450 1759 1085 1420 1794 1651 1268 1915 1301 1952 1700 1816 1357 1513 1712 1885 1477 BCNSPRNW ULIB Ver.6.0+V

เปลี่ยนเป็นภาษาไทย

Change to English
 แสดงรายละเอียดบรรณานุกรม
  กลับหน้าหลัก

Brief Record : Get Marc (ISO 2709) : E-mail record : QR code < ปิดหน้าต่าง
LEADER : 00000nam 2200000uu 4500
001    13399127184
003     ULIB
008    191021s2562||||th 000 0 tha d
020 ^- ^a9786167735993
050 ^- ^aนว.^bพ119ป
100 0^ aพงศกร.
245 10 ^aเปลวกนก ชุดคุณหญิงยอดนักสืบ /^cพงศกร.
250 ^- ^aพิมพ์ครั้งที่ 1.
260 ^- ^aกรุงเทพฯ :^bกรู๊ฟ พับลิชชิ่ง,^c2562
300 ^- ^a395 หน้า.
945    ^p340^l0^i27876
999    ^aกัณชพร จุลอักษร
รายการนี้ยังไม่มีแท็ก
คุณยังไม่ได้ล็อกอิน คุณสามารถมีกิจกรรมร่วมกับเว็บไซต์ได้ แต่ต้องล็อกอินก่อน ::
  ล็อกอิน

รายการสื่อสารสนเทศ

ลำดับที่ ประเภท เลขเรียก/บาร์โค้ด สถานที่ สถานะ
1. วิทยาศาสตร์การแพทย์ และสุขภาพ
วิทยาศาสตร์การแพทย์ และสุขภาพ
นว. พ119ป ฉ.1 
  Barcode: 27876
ห้องสมุดวิทยาเขตนครสวรรค์
►นวนิยาย:l:Fiction
ถูกยืม กำหนดส่งวันที่ 26 มิถุนายน 2568
  จอง

BibComment


ยังไม่เคยถูกคอมเมนท์

คอมเมนท์ทรัพยากรรายการนี้
  คอมเมนท์: เปลวกนก ชุดคุณหญ..


 Copyright 2026. Bcnsprnw @Library